| 000 | 00849nam a2200229 i 4500 | ||
|---|---|---|---|
| 001 | 50280 | ||
| 003 | ES-MaACL | ||
| 005 | 20230906162143.0 | ||
| 007 | t| | ||
| 008 | 030801s1984 sp |||| | spa d | ||
| 100 | 1 |
_aCruz Roche, Ignacio. _941843 |
|
| 245 | 1 | 0 |
_aAnálisis económico de la Seguridad Social española _b: 1972-1982 / _cIgnacio Cruz Roche. |
| 260 |
_a[Madrid] : _bMinisterio de Trabajo y Seguridad Social, _c[1984] |
||
| 300 |
_a221 p. ; _c24 cm. |
||
| 490 | 1 | _aEstudios e investigaciones | |
| 500 | _aPrecede al tít.: Instituto de Estudios Laborales y de la Seguridad Social. | ||
| 650 | 4 |
_aSeguridad social- _zEspaña- _xFinanzas. _9167600 |
|
| 710 | 2 |
_aInstituto de Estudios Laborales y de la Seguridad Social. _94915 |
|
| 830 | 0 |
_aEstudios e investigaciones _9182319 |
|
| 852 |
_aES-MaACL _jL-7287 |
||
| 999 |
_c50280 _d50280 |
||